[Event "Asuncion Clasificatorio op"]
[Site "Asuncion"]
[Date "2013.09.05"]
[Round "4.2"]
[White "Rubiani, Oscar"]
[Black "Bergonzi, Osvaldo"]
[Result "0-1"]
[WhiteElo "1804"]
[BlackElo "2038"]
[PlyCount "124"]
[EventDate "2013.08.30"]
[EventType "swiss"]
[EventRounds "9"]
[EventCountry "PAR"]
[SourceTitle "EXT 2023"]
[Source "ChessBase"]
[SourceDate "2022.10.05"]
[SourceVersion "1"]
[SourceVersionDate "2022.10.05"]
[SourceQuality "1"]

1. e4 d6 2. d4 Nf6 3. Nc3 g6 4. f4 Bg7 5. Nf3 c5 6. Bb5+ Bd7 7. e5 Ng4 8. e6 Bxb5 9. exf7+ Kf8 10. Nxb5 Qa5+ 11. Nc3 cxd4 12. Nxd4 Nc6 13. Ne6+ Kxf7 14. Nxg7 Nf6 15. Ne6 Kxe6 16. 0-0 Kd7 17. Qf3 Qf5 18. Rf2 Raf8 19. b4 Kc8 20. a3 Ng4 21. b5 Nd4 22. Qd3 Nxf2 23. Qxd4 Ng4 24. Nd5 Kb8 25. Bb2 e5 26. Qb4 Qe6 27. c4 Nf6 28. Rd1 Rhg8 29. Nxf6 Qxf6 30. Qxd6+ Qxd6 31. Rxd6 exf4 32. Rd7 Rf5 33. Bd4 Rc8 34. c5 b6 35. cxb6 Rxb5 36. Rxa7 Rd8 37. Ra4 Rbd5 38. Bc3 Kb7 39. Rxf4 Kxb6 40. Bb4 R8d7 41. Kf2 Rc7 42. Kg3 Rc2 43. Rf7 Rg5+ 44. Kf4 Rh5 45. Kg3 Rg5+ 46. Kf4 h6 47. Rh7 Rf5+ 48. Kg3 h5 49. h4 Rff2 50. Be7 Rxg2+ 51. Kf3 Rg4 52. Bd8+ Kb5 53. Rb7+ Ka4 54. Rb4+ Rxb4 55. axb4 Kxb4 56. Bf6 Rc4 57. Bg5 Kc5 58. Ke3 Kd5 59. Kf3 Ke5 60. Ke3 Rc3+ 61. Kf2 Kf5 62. Kg2 Kg4 0-1

[Event "Asuncion Preclasificatorio Mayor"]
[Site "Asuncion"]
[Date "2011.07.16"]
[Round "4"]
[White "Rubiani, Oscar"]
[Black "Salinas, Victor"]
[Result "1-0"]
[WhiteElo "1833"]
[BlackElo "1667"]
[PlyCount "115"]
[EventDate "2011.07.02"]
[EventType "swiss"]
[EventRounds "7"]
[EventCountry "PAR"]
[SourceTitle "EXT 2023"]
[Source "ChessBase"]
[SourceDate "2022.10.05"]
[SourceVersion "1"]
[SourceVersionDate "2022.10.05"]
[SourceQuality "1"]

1. e4 c5 2. Nf3 e6 3. d4 cxd4 4. Nxd4 Qb6 5. Nb3 Nc6 6. Be3 Qc7 7. g3 Nf6 8. Bg2 Be7 9. 0-0 0-0 10. Nc3 a6 11. Na4 b5 12. Nb6 Rb8 13. Nxc8 Rbxc8 14. a4 Na7 15. Nd4 b4 16. b3 Nc6 17. Rc1 Nxd4 18. Bxd4 e5 19. Be3 h6 20. Qe2 a5 21. Rfd1 Bc5 22. Rd3 Bxe3 23. Qxe3 Rfd8 24. c4 d6 25. Qd2 Ne8 26. Rd5 Ra8 27. h4 Ra6 28. Kh2 Qe7 29. Qe3 Nc7 30. Rd2 Ne6 31. Bf1 Rc6 32. Rd5 Ra8 33. Bh3 Nd4 34. f4 f6 35. fxe5 fxe5 36. Rf1 Rf8 37. Rxa5 Rxf1 38. Bxf1 Rc8 39. Kg2 Rf8 40. Rb5 Rf3 41. Qxf3 Nxf3 42. Kxf3 g5 43. hxg5 Qxg5 44. c5 Qf6+ 45. Kg2 dxc5 46. Bc4+ Kg7 47. Rxc5 Qd6 48. Rd5 Qf6 49. a5 h5 50. a6 h4 51. Rd7+ Kh6 52. a7 Qc6 53. Rd6+ Qxd6 54. a8Q Qd2+ 55. Kh3 hxg3 56. Qf8+ Kg5 57. Qg7+ Kf4 58. Qh6+ 1-0

[Event "Asuncion Preclasificatorio Mayor"]
[Site "Asuncion"]
[Date "2011.07.03"]
[Round "2"]
[White "Rubiani, Oscar"]
[Black "Recalde, Ariel"]
[Result "0-1"]
[WhiteElo "1833"]
[BlackElo "1999"]
[PlyCount "92"]
[EventDate "2011.07.02"]
[EventType "swiss"]
[EventRounds "7"]
[EventCountry "PAR"]
[SourceTitle "EXT 2023"]
[Source "ChessBase"]
[SourceDate "2022.10.05"]
[SourceVersion "1"]
[SourceVersionDate "2022.10.05"]
[SourceQuality "1"]

1. e4 c6 2. d4 d5 3. Nc3 dxe4 4. Nxe4 Nd7 5. Nf3 Ngf6 6. Bd3 Nxe4 7. Bxe4 Nf6 8. Bd3 Bf5 9. 0-0 Bxd3 10. Qxd3 e6 11. Bf4 Be7 12. Qb3 Qb6 13. Qxb6 axb6 14. Bc7 b5 15. c3 0-0 16. Rfe1 Nd5 17. Bg3 Bf6 18. Ne5 Rfd8 19. Nd3 b6 20. a3 Rac8 21. Rad1 h5 22. Nf4 h4 23. Nxd5 Rxd5 24. Be5 Bxe5 25. Rxe5 Rcd8 26. Rxd5 Rxd5 27. Kf1 Kf8 28. Ke2 Ke7 29. Rd3 Rg5 30. g3 hxg3 31. Rxg3 Kf6 32. Ke3 Rh5 33. h3 Rh4 34. b3 g6 35. a4 bxa4 36. bxa4 Rh5 37. c4 Ra5 38. Ke4 Rxa4 39. Kd3 Ra3+ 40. Ke4 Rxg3 41. fxg3 b5 42. cxb5 cxb5 43. d5 exd5+ 44. Kxd5 Kf5 45. Kc5 Ke4 46. Kxb5 Kf3 0-1